00367 2200145 4500001002100000005001500021035002000036245005600056100002000112300001400132260003100146082000800177084001400185020002200199INLIS00000000000500420250828092534 a0010-08250000761 aFajar Harapan Dalam Anomali Cuaca /cSardjono Sigit0 aSigit, Sardjono a419 ;c21 aJakarta :bGramedia,c2020 a306 a306 SIG f a978-602-481-494-6